00390nam a2200097 4500008004100000040005500041245014800096260001800244300001000262700002000272240730b |||||||| |||| 00| 0 eng d aNational Science LibrarycNational Science Library aInstitut de la vie form thoretical physics to biologyc/ Proceedings of the Second International Conference on Theoretical Physics and Biology  aParis: c1971 a446p. aMarois, M (Ed.)